Proportional representation : new electoral system for Nigeria (Record no. 42327)

MARC details
000 -LEADER
fixed length control field 00362nam a2200145Ia 4500
245 #0 - TITLE STATEMENT
Title Proportional representation : new electoral system for Nigeria
260 ## - PUBLICATION, DISTRIBUTION, ETC. (IMPRINT)
Place of publication Abuja
260 ## - PUBLICATION, DISTRIBUTION, ETC. (IMPRINT)
Name of publisher Electoral reform network
260 ## - PUBLICATION, DISTRIBUTION, ETC. (IMPRINT)
Year of publication 2005
300 ## - PHYSICAL DESCRIPTION
Number of Pages 20 p
650 ## - SUBJECT ADDED ENTRY--TOPICAL TERM
Topical Term Abuja
942 ## - ADDED ENTRY ELEMENTS (KOHA)
Koha item type Books
Holdings
Withdrawn status Lost status Source of classification or shelving scheme Damaged status Not for loan Permanent Location Current Location Shelving location Date acquired Accession Number Price effective from Koha item type
    Library of Congress Classification     NILE UNIVERSITY OF NIGERIA - MAIN LIBRARY NILE UNIVERSITY OF NIGERIA - MAIN LIBRARY Items on shelf 06/03/2025 0000518 06/03/2025 Books
    Library of Congress Classification     NILE UNIVERSITY OF NIGERIA - MAIN LIBRARY NILE UNIVERSITY OF NIGERIA - MAIN LIBRARY Items on shelf 06/03/2025 0000520 06/03/2025 Books